| 000 | 00721nam a2200169 i 4500 | ||
|---|---|---|---|
| 001 | 164015 | ||
| 003 | ES-MaACL | ||
| 005 | 20230906212845.0 | ||
| 008 | 021112s1890 sp |||| | spa d | ||
| 040 |
_aCCPB | B _bspa _cCCPB | B |
||
| 100 | 1 |
_aRoura Barrio, Benito. _9132104 |
|
| 245 | 1 | 0 |
_aCasos de paludismo determinados por traumatismos simples (ordinarios) ó quirúrgicos (reglados) / _ctesis presentada por Benito Roura Barrios. |
| 260 |
_aBarcelona : _b[s.n.], _c1890 ( _ftipografía "La academia" de Viuda e Hijos de E. Ullastres y C\pa\s) |
||
| 300 |
_a31 p. ; _c21 cm. |
||
| 650 | 4 |
_aMalaria. _9136452 |
|
| 852 |
_aES-MaACL _jT-528-F-8 _z-- Enc. hol., conservando la enc. original _z-- Enc. en un vol. facticio |
||
| 999 |
_c164015 _d164015 |
||